Statistiques concernant Top 15 des pays avec les décès de Covid-19 - 22 décembre 2021

Cliquez ici pour prendre le quiz!

Statistiques générales

  • Ce quiz a été pris 21 fois
  • Le résultat moyen est 12 sur 27

Statistiques - réponses

pays% Correct
Etats-Unis
100%
France
100%
Russie
88%
Allemagne
76%
Italie
76%
Mexique
76%
Argentine
71%
Brésil
71%
Inde
71%
Royaume-Uni
71%
Iran
47%
Colombie
35%
Hongrie
35%
Indonésie
35%
Pérou
29%
Ukraine
29%
Croatie
24%
Roumanie
24%
Bosnie-Herzégovine
18%
Macédoine du Nord
18%
Bulgarie
12%
Lituanie
12%
Slovaquie
12%
Slovénie
12%
Géorgie
6%
Tchèquie
6%
Arménie
0%

Distribution des résultats

Percentile par nombre de réponses

% des personnes avec chaque résultat

Votre développement - résultats

Vous n’avez pas pris ce quiz